Định tội danh: Lý luận, lời giải mẫu và 500 bài tập Sách chuyên khảo
Trình bày khái quát và căn cứ pháp lý, căn cứ khoa học của việc định tội danh. Đánh giá về mặt pháp lý hình sự định tội danh với tội phạm hoàn thành, tội phạm chưa hoàn thành, tội phạm có đồng phạm và trường hợp nhiều tội phạm, tái ph...
সংরক্ষণ করুন:
| প্রধান লেখক: | |
|---|---|
| অন্যান্য লেখক: | |
| বিন্যাস: | গ্রন্থ |
| ভাষা: | Undetermined |
| প্রকাশিত: |
H.
Đại học Quốc gia Hà Nội
2011
|
| বিষয়গুলি: | |
| অনলাইন ব্যবহার করুন: | http://lrc.tdmu.edu.vn/opac/search/detail.asp?aID=2&ID=24723 |
| ট্যাগগুলো: |
ট্যাগ যুক্ত করুন
কোনো ট্যাগ নেই, প্রথমজন হিসাবে ট্যাগ করুন!
|
| Thư viện lưu trữ: | Trung tâm Học liệu Trường Đại học Thủ Dầu Một |
|---|
| LEADER | 01247nam a2200229Ia 4500 | ||
|---|---|---|---|
| 001 | TDMU_24723 | ||
| 008 | 210410s9999 xx 000 0 und d | ||
| 082 | |a 345.59703 | ||
| 090 | |b L250 | ||
| 100 | |a Lê, Cảm | ||
| 245 | 0 | |a Định tội danh: Lý luận, lời giải mẫu và 500 bài tập | |
| 245 | 0 | |b Sách chuyên khảo | |
| 245 | 0 | |c Lê Cảm, Trịnh Quốc Toản | |
| 260 | |a H. | ||
| 260 | |b Đại học Quốc gia Hà Nội | ||
| 260 | |c 2011 | ||
| 300 | |a 703tr. | ||
| 520 | |a Trình bày khái quát và căn cứ pháp lý, căn cứ khoa học của việc định tội danh. Đánh giá về mặt pháp lý hình sự định tội danh với tội phạm hoàn thành, tội phạm chưa hoàn thành, tội phạm có đồng phạm và trường hợp nhiều tội phạm, tái phạm, tội phạm chuyên nghiệp... | ||
| 650 | |a Luật hình sự |x Tội phạm |z Việt Nam; Pháp luật |x Định tội danh |v Bài tập | ||
| 700 | |a Trịnh, Quốc Toản | ||
| 856 | |u http://lrc.tdmu.edu.vn/opac/search/detail.asp?aID=2&ID=24723 | ||
| 980 | |a Trung tâm Học liệu Trường Đại học Thủ Dầu Một | ||